| 000 | 00617nam a2200157Ia 4500 | ||
|---|---|---|---|
| 008 | 210716s2014 xx 000 0 und d | ||
| 020 | _a9781783983285 | ||
| 041 | _aeng | ||
| 082 | _a004.6005 HAVA | ||
| 100 | _aHaviv, Amos Q. | ||
| 245 |
_aMean web development: master real time web application development using a mean combination of monoDB express angularJS and node.js. _bmaster real time web application development using a mean combination of monoDB express angularJS and node.js. |
||
| 250 | _a1 | ||
| 260 |
_aMumbai _bPackt Publishing Ltd _c2014 |
||
| 300 | _aviii,334 | ||
| 650 | _aWeb Design & Development | ||
| 999 |
_c196233 _d196233 |
||